Conclusiones y recomendaciones de las XXVI Jornadas Nacionales de Derecho Civil en materia sucesoria (Registro nro. 32807)
[ vista simple ]
| 000 -LEADER | |
|---|---|
| fixed length control field | 00418 a2200109 4500 |
| 001 - CONTROL NUMBER | |
| control field | ART_44619 |
| 005 - DATE AND TIME OF LATEST TRANSACTION | |
| control field | 20260410162018.0 |
| 008 - FIXED-LENGTH DATA ELEMENTS--GENERAL INFORMATION | |
| fixed length control field | 260409a |
| 100 1# - MAIN ENTRY--PERSONAL NAME | |
| Personal name | Merlo, Leandro M. |
| 245 10 - TITLE STATEMENT | |
| Title | Conclusiones y recomendaciones de las XXVI Jornadas Nacionales de Derecho Civil en materia sucesoria |
| 773 0# - HOST ITEM ENTRY | |
| Title | Temas de derecho de familia, sucesiones y bioética |
| Related parts | - Año 2, Nº 11 (nov. 2017) |
| Record control number | REV41029 |
No hay ítems disponibles.